000 00512nam a2200205Ia 4500
003 GCL
008 140319s9999 xx 000 0 eng d
040 _aGCL /
_cGCL
082 0 4 _a746.92
_bB A
100 1 _aBARBIER, GEARGE
245 1 0 _aART DECO COSTUMES /
_cBARBIER, GEARGE
260 _a[S.N] :
_bTIGER BOOKS INTERNATIONAL ،
_c1988
300 _a64
490 _aCOLLECTOR'S ART EDITIONS
_v0
650 0 4 _aTEXTILE
650 0 4 _aCOSTUMES
650 0 4 _aARTS
650 0 4 _aDECORATION
942 _2ddc
_cBK
999 _c21117
_d21117